| 000 | 00468nam a22001817a 4500 | ||
|---|---|---|---|
| 003 | 0 | ||
| 005 | 20210101115058.0 | ||
| 008 | 210101b ||||| |||| 00| 0 eng d | ||
| 020 | _a193226681 | ||
| 040 | _c0 | ||
| 050 | _a0 | ||
| 082 |
_222 _a005.8 |
||
| 100 | _aMiller, Drew. | ||
| 245 |
_aBlack hat physical device security : _bexploiting hardware and software / |
||
| 260 |
_aLondon, _bSyngress, _cc2005. |
||
| 300 |
_aIii, 363p. ; _bill. ; _c23 cm. |
||
| 942 |
_2ddc _cIT |
||
| 999 |
_c2247 _d2247 |
||